01747nib a2200349ua 4500001001000000003000400010005001700014007001000031008004100041040001300082041000800095043001200103082002200115100004000137245010000177260004700277300006100324490003000385500011800415505003800533505004500571508012500616511012100741518004900862600010400911600008501015650005501100650005501155650007901210650005501289650005301344000083499OSt20230919162016.0vducgaiz 170809s2006 ck 037|e| |s| z|spa|d cCO-MqBPB aspa as-ck---04a860.672bD31g221 aDíaz-Granados, José Luisd1946-10aLa poesía de Gabriel García Márquez :b[disco sonoro] /cpor José Luis Díaz-Granados. aBogotá :bCasa de Poesía Silva,c2006. a1 disco compacto :bsonidoe(37 minutos aproximadamente) 0aVoces para el tiempov672 aConferencia realizada en la Casa de Poesía Silva de Bogotá en el marco del Concurso Nacional Poesía Capital tAnunciorPedro Alejo Gómez Vila tConferenciarJosé Luis Díaz-Granados aProyecto, realización y diseños Pedro Alejo Gómez Vila ; digitalización y edición sonora Luis Guillermo Aza T.1 aPedro Alejo Gómez Vila (anunciador), Daniel Samper Pizano, Humberto Dorado, Luis Enrique Nieto Arango (panelistas) aConferencia realizada el 18 de marzo de 2007 aGarcía Márquez, Gabrield1927-2014xCrítica e interpretaciónvCongresos, conferencias, etc. aGarcía Márquez, Gabrield1927-2014xPoesíasvCongresos, conferencias, etc.14aPoesía colombianavCongresos, conferencias, etc.14aAutores colombianosvCongresos, conferencias, etc.24aLiteratura colombianaxHistoria y críticavCongresos, conferencias, etc.24aCrítica literariavCongresos, conferencias, etc.24aLectura de poemasvCongresos, conferencias, etc.